000 00667nam a22002057a 4500
003 0
005 20250106105653.0
008 250106b xxu||||| |||| 00| 0 eng d
020 _a9781916784802
050 _aTX 911.3
_b.Es87 2024
100 _aEssner, Jack
_eauthor.
245 _aRole of social media and internet in tourism and hospitality /
_cJack Essner.
260 _aLondon, UK :
_bVintage Press Ltd,
_c2024.
300 _axi, 244 p. :
_bcol. ill. ;
_c25 cm.
504 _aIncludes bibliographical references and index.
650 _aHospitality industry marketing.
650 _aTourism
_vMarketing.
650 _aSocial media
_vTourism.
942 _2lcc
_cBK
999 _c366877
_d366877